The Toothbrush time (Record no. 34178)

MARC details
000 -LEADER
fixed length control field 00373nam a22001577a 4500
003 - CONTROL NUMBER IDENTIFIER
control field SGT
020 ## - INTERNATIONAL STANDARD BOOK NUMBER
International Standard Book Number 9786207484195
082 ## - DEWEY DECIMAL CLASSIFICATION NUMBER
Classification number 617.601
Item number T25K
100 ## - MAIN ENTRY--PERSONAL NAME
Personal name Khan, Aleena
245 ## - TITLE STATEMENT
Title The Toothbrush time
260 ## - PUBLICATION, DISTRIBUTION, ETC. (IMPRINT)
Name of publisher, distributor, etc Lambert Academic Publishing
Year of Publication 2025
650 ## - SUBJECT ADDED ENTRY--TOPICAL TERM
Topical term or geographic name as entry element Public health dentistry
700 ## - ADDED ENTRY--PERSONAL NAME
Personal name Sikri, Prachi
700 ## - ADDED ENTRY--PERSONAL NAME
Personal name Tandon, Shourya
942 ## - ADDED ENTRY ELEMENTS (KOHA)
Source of classification or shelving scheme Dewey Decimal Classification
Koha item type Books
Holdings
Withdrawn status Lost status Source of classification or shelving scheme Damaged status Not for loan Home library Current library Date acquired SGTU Total Checkouts Full call number Accession No. (Barcode) Date last seen Bill Date Koha item type
    Dewey Decimal Classification     SGT Dental Library SGT Dental Library 23/02/2026 SGTU   617.601 T25K FD10179 23/02/2026 23/02/2026 Books